[Event "Campeonato Brasileiro Amador 2019 U1800"]
[Site "Sao Paulo"]
[Date "2019.06.23"]
[Round "7.9"]
[White "Arruda Filho, Ivo Pereira De"]
[Black "Rodrigues Mota, Romulo Cardoso S"]
[Result "1-0"]
[WhiteElo "1742"]
[BlackElo "1712"]
[PlyCount "125"]
[EventDate "2019.06.20"]

1. Nf3 Nf6 2. d4 e6 3. Bf4 d5 4. e3 c5 5. c3 a6 6. a4 b6 7. Bd3 Nc6 8. O-O Bb7
9. Nbd2 Be7 10. Re1 O-O 11. Ne5 Bd6 12. Ndf3 Be7 13. Nxc6 Bxc6 14. Ne5 Bb7 15.
Qf3 Ne4 16. Qh3 f5 17. f3 Ng5 18. Bxg5 Bxg5 19. f4 Bf6 20. Nf3 h6 21. g4 c4 22.
Bc2 Bc8 23. gxf5 exf5 24. Re2 Rf7 25. Rg2 Qe8 26. Re1 Kf8 27. Ne5 Bxe5 28. dxe5
Be6 29. Bd1 Qd7 30. Qh5 Ke7 31. Qh4+ Kf8 32. Rg6 Qe7 33. Qg3 Ke8 34. Kf2 Kd8
35. Rg1 Ra7 36. Bc2 Rb7 37. Ke2 b5 38. axb5 axb5 39. Ra1 b4 40. Ra8+ Kc7 41.
Ba4 Rb8 42. Ra7+ Rb7 43. Rxb7+ Kxb7 44. cxb4 Qxb4 45. Rxe6 Qxa4 46. Qe1 g5 47.
Rg6 gxf4 48. exf4 d4 49. Qd2 d3+ 50. Ke3 Qa7+ 51. Kf3 Qc5 52. Qe3 Qd5+ 53. Kf2
Rd7 54. Qb6+ Ka8 55. Qa6+ Kb8 56. Rb6+ Kc7 57. Qa7+ Kd8 58. Rb8+ Ke7 59. Qa3+
Kf7 60. Qf8+ Kg6 61. Rb6+ Kh5 62. Qxh6+ Kg4 63. Qg5+ 1-0

[Event "Campeonato Brasileiro Amador 2019 U1800"]
[Site "Sao Paulo"]
[Date "2019.06.23"]
[Round "7.11"]
[White "Vitielo, Alecio Elias"]
[Black "Santos, Jose Antonio Dos"]
[Result "1-0"]
[WhiteElo "1799"]
[BlackElo "1720"]
[PlyCount "49"]
[EventDate "2019.06.20"]

1. c4 f5 2. Nc3 Nf6 3. g3 d5 4. cxd5 Nxd5 5. Bg2 c6 6. Qb3 e6 7. Nf3 Nd7 8.
Nxd5 cxd5 9. d4 Bd6 10. O-O O-O 11. Bf4 Nf6 12. Bxd6 Qxd6 13. Ne5 Ne4 14. Rfd1
Ng5 15. f4 Ne4 16. Bxe4 fxe4 17. Rac1 Rb8 18. Qa4 a6 19. Rc5 b5 20. Qb4 Bd7 21.
a3 Rfd8 22. Rdc1 Be8 23. Nc6 Bxc6 24. Rxc6 Qf8 25. Qxf8+ 1-0

[Event "Campeonato Brasileiro Amador 2019 U1800"]
[Site "Sao Paulo"]
[Date "2019.06.23"]
[Round "7.12"]
[White "Soares, Gustavo Henrique"]
[Black "Lara, Diego Costa"]
[Result "0-1"]
[WhiteElo "1799"]
[BlackElo "1729"]
[PlyCount "86"]
[EventDate "2019.06.20"]

1. d4 e6 2. c4 Nf6 3. Nf3 b6 4. Bg5 Be7 5. e3 Bb7 6. Be2 O-O 7. O-O c5 8. Nc3
d6 9. a3 Nbd7 10. Rb1 Ne4 11. Bxe7 Qxe7 12. Nd2 Nxc3 13. bxc3 e5 14. dxe5 dxe5
15. e4 Nf6 16. Bf3 Rfd8 17. Qc2 Rd6 18. Rfe1 Ba6 19. Be2 Qe6 20. a4 Rad8 21.
Red1 Bb7 22. f3 Nh5 23. Nf1 Nf4 24. Ne3 Qg6 25. Bf1 Rxd1 26. Rxd1 Rxd1 27. Nxd1
Qe6 28. Ne3 Qd7 29. g3 Ne6 30. Be2 Bc6 31. Bd1 Nd8 32. Nd5 Nb7 33. Qd2 Bxa4 34.
Qg5 Kf8 35. Bxa4 Qxa4 36. Qe7+ Kg8 37. Qxb7 Qd1+ 38. Kg2 Qe2+ 39. Kh3 h5 40.
Qc8+ Kh7 41. Qf5+ Kh6 42. Kh4 Qxh2+ 43. Qh3 g5# 0-1

[Event "Campeonato Brasileiro Amador 2019 U1800"]
[Site "Sao Paulo"]
[Date "2019.06.23"]
[Round "7.13"]
[White "Olivo, Anibal Ribeiro"]
[Black "Vieira, Paulo Cesar"]
[Result "1/2-1/2"]
[WhiteElo "1616"]
[BlackElo "1794"]
[PlyCount "120"]
[EventDate "2019.06.20"]

1. e4 c5 2. Nf3 e6 3. d4 cxd4 4. Nxd4 Nf6 5. Nc3 a6 6. Be3 Qc7 7. Bd3 Bb4 8.
Bd2 O-O 9. O-O b6 10. a3 Be7 11. Re1 d6 12. Bg5 Nbd7 13. Qd2 Bb7 14. Rad1 Ne5
15. f3 Nxd3 16. cxd3 Rac8 17. Rc1 Qd8 18. Be3 b5 19. Rc2 Nd7 20. Rec1 Ne5 21.
Nce2 Qd7 22. b4 d5 23. Nb3 dxe4 24. Rxc8 Rxc8 25. Rxc8+ Qxc8 26. dxe4 Nc4 27.
Qc1 Nxe3 28. Qxe3 h6 29. Nec1 Qc7 30. Qe2 Bg5 31. Qf1 Be3+ 32. Kh1 f5 33. exf5
exf5 34. Qd1 Kh7 35. Ne2 Qe5 36. h3 Bb6 37. Ned4 Bc7 38. Qg1 Bd6 39. Na5 Bd5
40. Ndc6 Qc3 41. Nd4 g6 42. Qd1 Be5 43. Ne2 Qa1 44. Qxa1 Bxa1 45. Nf4 Ba8 46.
Nd3 g5 47. Nb3 Bc3 48. Nbc5 h5 49. Nxa6 g4 50. hxg4 hxg4 51. fxg4 fxg4 52. Kg1
Bd5 53. Nac5 Bc4 54. Kf2 Kh6 55. Kg3 Bd5 56. a4 bxa4 57. Nxa4 Bd2 58. Nac5 Kg5
59. Nd7 Bc4 60. N7e5 Bb5 1/2-1/2

[Event "Campeonato Brasileiro Amador 2019 U1800"]
[Site "Sao Paulo"]
[Date "2019.06.23"]
[Round "7.14"]
[White "Andreata, Mauro Antonio"]
[Black "Barbosa, Luiz Francisco Da Si"]
[Result "1/2-1/2"]
[WhiteElo "1624"]
[BlackElo "1762"]
[PlyCount "85"]
[EventDate "2019.06.20"]

1. d4 Nf6 2. c4 e6 3. Nf3 Bb4+ 4. Bd2 c5 5. Nc3 O-O 6. e3 d5 7. Bd3 Nc6 8. a3
Bxc3 9. Bxc3 dxc4 10. Bxc4 Ne4 11. O-O Nxc3 12. bxc3 Qa5 13. Qc2 Bd7 14. Rfb1
Qc7 15. Bd3 h6 16. h4 b6 17. Qe2 Na5 18. Ne5 Nc6 19. Nf3 Rfd8 20. Rd1 Be8 21.
Bb1 Qe7 22. e4 e5 23. d5 Na5 24. Ba2 b5 25. g3 c4 26. h5 Nb7 27. Kg2 Nd6 28.
Bb1 Bd7 29. Nh4 Qg5 30. f3 Qxh5 31. Rh1 Qg5 32. Bc2 a5 33. Qf2 f5 34. Rae1 f4
35. g4 Rab8 36. Nf5 Nxf5 37. exf5 Qf6 38. Be4 b4 39. axb4 axb4 40. cxb4 Rxb4
41. Re2 Rdb8 42. Rhe1 c3 43. Bc2 1/2-1/2

[Event "Campeonato Brasileiro Amador 2019 U1800"]
[Site "Sao Paulo"]
[Date "2019.06.23"]
[Round "7.15"]
[White "Teles, Lucas Marquetotti"]
[Black "Ramos, Beny Irwing Pankiewi"]
[Result "1-0"]
[WhiteElo "1790"]
[BlackElo "1654"]
[PlyCount "67"]
[EventDate "2019.06.20"]

1. e3 c5 2. b3 Nc6 3. Bb2 Nf6 4. f4 g6 5. Nf3 Bg7 6. Be2 d6 7. O-O O-O 8. c4 b6
9. Nc3 a6 10. d3 Bb7 11. Qd2 Ng4 12. h3 Nf6 13. d4 cxd4 14. exd4 Nh5 15. d5 Nb8
16. Nd4 Ng3 17. Rf3 Nh5 18. Rf2 Nf6 19. f5 Nbd7 20. fxg6 hxg6 21. Bd1 Ne5 22.
Bc2 Bc8 23. Re1 Kh7 24. Bc1 Rh8 25. Ne4 Nxe4 26. Bxe4 Kg8 27. Nc6 Qe8 28. Qe3
b5 29. cxb5 axb5 30. Nxe5 Bxe5 31. Bb2 Rxa2 32. Bxe5 Rxf2 33. Bxh8 Kxh8 34. Ra1
1-0

[Event "Campeonato Brasileiro Amador 2019 U1800"]
[Site "Sao Paulo"]
[Date "2019.06.23"]
[Round "7.16"]
[White "Rezende, Uelton Fabricius Alv"]
[Black "Da Rocha, Lucas Sampaio"]
[Result "1-0"]
[WhiteElo "1778"]
[BlackElo "1637"]
[PlyCount "63"]
[EventDate "2019.06.20"]

1. Nf3 d5 2. c4 e6 3. g3 Nf6 4. Bg2 Be7 5. O-O O-O 6. d4 dxc4 7. Nc3 c5 8. Bg5
Nd5 9. Bxe7 Qxe7 10. Ne5 Re8 11. Nxc4 cxd4 12. Nxd5 exd5 13. Nd2 Nc6 14. Nb3
Qb4 15. Qd3 g6 16. Rfd1 Bf5 17. Qd2 {ilegivel} Rad8 18. Nxd4 Qxd2 19. Rxd2 Nxd4
20. Rxd4 Rd7 21. Rxd5 Rxd5 22. Bxd5 Ra8 23. b3 b6 24. e3 Bh3 25. Bg2 Be6 26. h4
a5 27. Bf3 a4 28. bxa4 Rxa4 29. Kg2 Rxa2 30. Rxa2 Bxa2 31. Bc6 Be6 32. f4 1-0

[Event "Campeonato Brasileiro Amador 2019 U1800"]
[Site "Sao Paulo"]
[Date "2019.06.23"]
[Round "7.17"]
[White "Jafet Junior, Carlos"]
[Black "Ribeiro, Daniel Malta"]
[Result "1/2-1/2"]
[WhiteElo "1628"]
[BlackElo "1775"]
[PlyCount "113"]
[EventDate "2019.06.20"]

1. e4 e5 2. Nf3 Nf6 3. d4 Nxe4 4. Bd3 d5 5. Nxe5 Be7 6. O-O O-O 7. c4 c6 8. c5
Nd7 9. Nxd7 Bxd7 10. Nc3 Ng5 11. f4 Ne6 12. Be3 f5 13. Rf3 Bxc5 14. dxc5 d4 15.
Bxd4 Nxd4 16. Bc4+ Be6 17. Rd3 Bxc4 18. Rxd4 Bd5 19. Nxd5 cxd5 20. Rxd5 Qc7 21.
Qd4 Rf7 22. Rd1 Raf8 23. b4 h6 24. a4 a6 25. b5 Rc8 26. Qc4 axb5 27. axb5 Kh7
28. Re5 Rcf8 29. Qc2 Kh8 30. Rdd5 Qa5 31. c6 Rc7 32. h3 Qb6+ 33. Qc5 Qxc5+ 34.
Rxc5 bxc6 35. Rxc6 Rxc6 36. bxc6 Rc8 37. Rc5 g6 38. Kf2 Kg7 39. Ke3 Kf6 40. c7
Ke6 41. Rc6+ Kd5 42. Rxg6 Rxc7 43. Rxh6 Rc3+ 44. Kf2 Ke4 45. g3 Rc2+ 46. Ke1
Kf3 47. Rg6 Rg2 48. h4 Rh2 49. Kd1 Ke3 50. Kc1 Kf3 51. Kd1 Ke3 52. Rg5 Kf3 53.
h5 Ke4 54. Ke1 Kf3 55. Kd1 Ke4 56. Rg6 Rxh5 57. g4 1/2-1/2

[Event "Campeonato Brasileiro Amador 2019 U1800"]
[Site "Sao Paulo"]
[Date "2019.06.23"]
[Round "7.19"]
[White "Nobre, Jailson Altair Barbo"]
[Black "Da Silva, Matheus Lopes"]
[Result "1-0"]
[WhiteElo "1695"]
[BlackElo "1633"]
[PlyCount "107"]
[EventDate "2019.06.20"]

1. e4 Nf6 2. d3 d5 3. Nd2 dxe4 4. dxe4 e5 5. Ngf3 Nbd7 6. Bc4 Bd6 7. O-O Nc5 8.
Re1 Be6 9. Bxe6 Nxe6 10. Nc4 Nc5 11. Bg5 Qe7 12. Bxf6 Qxf6 13. Nxd6+ Qxd6 14.
Qxd6 cxd6 15. Rad1 Rd8 16. b3 b5 17. Rd5 a6 18. Nxe5 Nxb3 19. Nxf7 Kxf7 20.
cxb3 Rhe8 21. f3 Re5 22. Red1 Rxd5 23. Rxd5 Rc8 24. Rd2 Ke6 25. Kf2 Rc3 26. Ke2
Ke5 27. Rd5+ Ke6 28. Kd2 Rc6 29. f4 g6 30. g4 Kf6 31. g5+ Ke6 32. Rd3 Rc7 33.
Rc3 Rf7 34. Ke3 Kd7 35. b4 Rf8 36. a3 Rf7 37. Rd3 Ke6 38. Rc3 Re7 39. Kf3 Re8
40. h3 Re7 41. Kg4 Kf7 42. Re3 Ke8 43. Kf3 Rf7 44. Rd3 Rc7 45. f5 gxf5 46. exf5
Rc1 47. f6 Kf7 48. Kg4 Kg6 49. h4 Rc4+ 50. Kg3 Rc1 51. Rxd6 Rc3+ 52. Kf4 Rxa3
53. Rd7 Ra1 54. Rg7+ 1-0

[Event "Campeonato Brasileiro Amador 2019 U1800"]
[Site "Sao Paulo"]
[Date "2019.06.23"]
[Round "7.21"]
[White "Lima, Aine Carolina"]
[Black "Nobre, Jose Adalberto Barbo"]
[Result "1-0"]
[WhiteElo "1665"]
[BlackElo "1593"]
[PlyCount "91"]
[EventDate "2019.06.20"]

1. e4 c5 2. Nc3 d6 3. g3 Nf6 4. Bg2 g6 5. d3 Bg7 6. h3 Nc6 7. Be3 Rb8 8. Nge2
b5 9. Qd2 b4 10. Nd1 Nd7 11. O-O O-O 12. Bh6 e5 13. Bxg7 Kxg7 14. f4 Ba6 15.
Ne3 Nd4 16. f5 Nxe2+ 17. Qxe2 Nf6 18. g4 Bb7 19. Qf3 c4 20. g5 Nh5 21. f6+ Kh8
22. Nxc4 Rc8 23. Rac1 Rc5 24. Qe3 Ba6 25. b3 Qc7 26. Qd2 Bxc4 27. dxc4 Qb6 28.
Kh2 Ra5 29. c3 bxc3 30. Rxc3 Qb4 31. Rc2 Qa3 32. Rd1 Rd8 33. Qc3 Ra6 34. Qxe5
h6 35. Qe7 Rg8 36. gxh6 d5 37. exd5 Nxf6 38. d6 Ne8 39. c5 Qb4 40. d7 Qf4+ 41.
Kh1 Nf6 42. d8=Q Ng4 43. hxg4 Qxh6+ 44. Kg1 Rxd8 45. Rxd8+ Kg7 46. Qf8+ 1-0

[Event "Campeonato Brasileiro Amador 2019 U1800"]
[Site "Sao Paulo"]
[Date "2019.06.23"]
[Round "7.22"]
[White "Potasso Junior, Alvaro"]
[Black "Ferreira, Raphael Suzuki"]
[Result "1/2-1/2"]
[WhiteElo "1606"]
[BlackElo "1663"]
[PlyCount "112"]
[EventDate "2019.06.20"]

1. e4 c5 2. b4 cxb4 3. Bc4 e6 4. Bb2 b6 5. a3 Bb7 6. d3 bxa3 7. Nxa3 d5 8. exd5
Bxd5 9. Nf3 Nf6 10. Bb5+ Nbd7 11. O-O Be7 12. c4 Bb7 13. Ne5 O-O 14. Nxd7 Nxd7
15. Qg4 Bf6 16. d4 Kh8 17. Nc2 a6 18. Ba4 Qc7 19. Ne3 b5 20. Bc2 bxc4 21. Qh3
g6 22. Ng4 Bg7 23. Ra3 Nf6 24. Ne5 Be4 25. Bd1 Nd5 26. f3 Bb1 27. f4 Rab8 28.
Ba1 Bd3 29. Nxd3 cxd3 30. Qxd3 Rfd8 31. Qxa6 Nb4 32. Qa7 Qxa7 33. Rxa7 Kg8 34.
Bf3 Bxd4+ 35. Bxd4 Rxd4 36. g3 Nd5 37. Bxd5 Rxd5 38. Ra2 Rdb5 39. Rff2 Kg7 40.
Kg2 Rb3 41. Rfe2 h6 42. Kh3 g5 43. fxg5 hxg5 44. Rf2 Kg6 45. Ra7 R8b7 46. Raa2
R3b4 47. Rac2 f5 48. Kg2 Kf6 49. Rfe2 R4b6 50. Kh3 e5 51. Rc5 g4+ 52. Kg2 Rb2
53. Rcxe5 Rxe2+ 54. Rxe2 Kg5 55. Rf2 Rb1 56. Re2 Rb5 1/2-1/2

[Event "Campeonato Brasileiro Amador 2019 U1800"]
[Site "Sao Paulo"]
[Date "2019.06.23"]
[Round "7.23"]
[White "Davanso, Joao Pedro"]
[Black "Pereira Fo, Hildebrando Apolonio"]
[Result "1-0"]
[WhiteElo "1655"]
[BlackElo "1550"]
[PlyCount "87"]
[EventDate "2019.06.20"]

1. e4 c5 2. Nf3 d6 3. d4 cxd4 4. Nxd4 Nf6 5. Nc3 Nc6 6. Be2 g6 7. Be3 Bg7 8.
O-O Bd7 9. Kh1 O-O 10. h3 a6 11. a4 Rc8 12. Qd2 Ne5 13. f4 Nc4 14. Bxc4 Rxc4
15. g4 Rxc3 16. Qxc3 Nxe4 17. Qe1 Bxd4 18. Bxd4 Bc6 19. Kh2 e6 20. Rd1 Qe7 21.
b4 Rc8 22. b5 Bd5 23. c3 Qc7 24. Qh4 f5 25. gxf5 exf5 26. Rde1 Re8 27. Rg1 Qf7
28. Rxg6+ Qxg6 29. Rg1 Qxg1+ 30. Kxg1 Re6 31. Qd8+ Kf7 32. Qd7+ Kf8 33. Qg7+
Ke8 34. Qg8+ Kd7 35. Qxh7+ Ke8 36. Qxf5 Bc4 37. Qh5+ Ke7 38. f5 Nf6 39. Bxf6+
Rxf6 40. Qh7+ Rf7 41. Qh4+ Kd7 42. Qxc4 Rxf5 43. b6 Rg5+ 44. Kf2 1-0

[Event "Campeonato Brasileiro Amador 2019 U1800"]
[Site "Sao Paulo"]
[Date "2019.06.23"]
[Round "7.24"]
[White "Neto, Valdeno Brito"]
[Black "Rial, Antonio Marcos Pinon"]
[Result "1-0"]
[WhiteElo "1534"]
[BlackElo "1735"]
[PlyCount "47"]
[EventDate "2019.06.20"]

1. e4 Nc6 2. d4 e5 3. c3 exd4 4. cxd4 Nf6 5. Nc3 Bb4 6. Bg5 h6 7. Bxf6 Qxf6 8.
Nf3 O-O 9. Bc4 Na5 10. Bd3 d6 11. O-O Bg4 12. Nd5 Qxd4 13. Nxd4 Bxd1 14. Raxd1
Bc5 15. Nf5 c6 16. Nf4 b5 17. a3 Bb6 18. b4 Nb7 19. Ne7+ Kh8 20. Nxc6 a6 21.
Nd5 Bd8 22. Nxd8 Raxd8 23. Rc1 Rd7 24. Rc6 1-0

[Event "Campeonato Brasileiro Amador 2019 U1800"]
[Site "Sao Paulo"]
[Date "2019.06.23"]
[Round "7.25"]
[White "Bocca, Edson Ricardo"]
[Black "Sampaio, Andre Luiz"]
[Result "0-1"]
[WhiteElo "1645"]
[BlackElo "1704"]
[PlyCount "86"]
[EventDate "2019.06.20"]

1. e4 e6 2. Nc3 d5 3. exd5 exd5 4. d4 Nf6 5. Be3 Bd6 6. Qd2 Be6 7. O-O-O Nc6 8.
a3 a6 9. Kb1 b5 10. Na2 Qe7 11. Bf4 Ne4 12. Qe3 Na5 13. Bxd6 Nxd6 14. Re1 O-O
15. Nf3 Nac4 16. Bxc4 Nxc4 17. Qc1 Qd6 18. Nd2 a5 19. Nb3 b4 20. a4 Bf5 21. h3
Qc6 22. Nc5 b3 23. Nxb3 Rfb8 24. Nc5 Rxb2+ 25. Ka1 Rab8 26. Qg5 Na3 27. Rc1
Nxc2+ 28. Rxc2 Bxc2 29. Nc3 Bg6 30. Nb5 R2xb5 31. axb5 Qxb5 32. Qd2 h6 33. g4
Be4 34. Re1 Qc4 35. Rc1 Qb5 36. Nxe4 dxe4 37. Qc2 a4 38. Rb1 Qxb1+ 39. Qxb1
Rxb1+ 40. Kxb1 Kf8 41. Kb2 Ke7 42. Ka3 Kd6 43. Kxa4 Kd5 0-1

[Event "Campeonato Brasileiro Amador 2019 U1800"]
[Site "Sao Paulo"]
[Date "2019.06.23"]
[Round "7.26"]
[White "Mesquita, Arnaldo Leite"]
[Black "Hayashi, Kaito"]
[Result "1-0"]
[WhiteElo "1741"]
[BlackElo "1561"]
[PlyCount "55"]
[EventDate "2019.06.20"]

1. c4 e5 2. Nf3 Nf6 3. g3 d5 4. cxd5 Nxd5 5. Bg2 Nb6 6. Nc3 Nc6 7. d3 Bd6 8.
O-O O-O 9. a3 Be6 10. b4 Qc8 11. Re1 a6 12. Be3 Nd5 13. Nxd5 Bxd5 14. Rc1 Qd7
15. Bc5 Rac8 16. d4 Be6 17. e4 exd4 18. Bxd6 Qxd6 19. e5 Qd7 20. Qd3 Rfe8 21.
b5 axb5 22. Qxb5 Rb8 23. Ng5 Bf5 24. Bd5 Rxe5 25. Bxf7+ Kh8 26. Rxe5 Nxe5 27.
Qxd7 h6 28. Rxc7 1-0

[Event "Campeonato Brasileiro Amador 2019 U1800"]
[Site "Sao Paulo"]
[Date "2019.06.23"]
[Round "7.27"]
[White "Brujin, Homero"]
[Black "De Oliveira, Joao Eudes"]
[Result "1-0"]
[WhiteElo "1485"]
[BlackElo "1717"]
[PlyCount "127"]
[EventDate "2019.06.20"]

1. c4 Nf6 2. Nc3 e6 3. Nf3 Bb4 4. g3 b6 5. Bg2 Bb7 6. O-O O-O 7. a3 Bxc3 8.
dxc3 d6 9. h3 Nbd7 10. Be3 Re8 11. b4 e5 12. Rb1 Rb8 13. a4 Qe7 14. Qb3 c5 15.
Rfd1 d5 16. cxd5 Bxd5 17. Rxd5 Nxd5 18. Qxd5 Nf6 19. Qb3 cxb4 20. cxb4 Rbc8 21.
Rc1 Rxc1+ 22. Bxc1 Rc8 23. Bb2 Nd7 24. Kh2 Kf8 25. h4 f6 26. Bh3 Rd8 27. Ba3
Ke8 28. Bxd7+ Kxd7 29. Qd3+ Kc8 30. Qxh7 Rd7 31. Qe4 Kb8 32. Qc4 Rc7 33. Qb3
Qd7 34. Bb2 Kb7 35. b5 Rc5 36. Ba3 Rd5 37. Qc4 Rd1 38. Qb4 Qc7 39. Nd2 f5 40.
Nf3 e4 41. Ng5 Qd7 42. Kg2 g6 43. Qe7 Qxe7 44. Bxe7 Rd4 45. Nf7 Rxa4 46. Nh8
Ra2 47. e3 Rb2 48. Nxg6 Rxb5 49. Nf4 Re5 50. Bf6 Rc5 51. h5 a5 52. h6 a4 53. h7
Rc8 54. Ne2 Kc6 55. Nd4+ Kc5 56. Nxf5 b5 57. Be7+ Kd5 58. Bf6 Ra8 59. h8=Q Rxh8
60. Bxh8 a3 61. Nd4 a2 62. Nc2 Kc4 63. Na3+ Kb4 64. Nxb5 1-0

[Event "Campeonato Brasileiro Amador 2019 U1800"]
[Site "Sao Paulo"]
[Date "2019.06.23"]
[Round "7.28"]
[White "Da Cunha, Gabriela Goes"]
[Black "Teramoto, Anderson"]
[Result "1-0"]
[WhiteElo "1457"]
[BlackElo "1674"]
[PlyCount "67"]
[EventDate "2019.06.20"]

1. e4 g6 2. d4 d6 3. Nc3 Bg7 4. h3 Nf6 5. Nf3 O-O 6. Be3 b6 7. Qd2 Bb7 8. Bd3
Nbd7 9. Bh6 e5 10. d5 Nc5 11. Bxg7 Kxg7 12. O-O a5 13. Rfe1 Nxd3 14. Qxd3 Nh5
15. Qe3 Ba6 16. a4 Qd7 17. Qg5 Nf4 18. Nxe5 Nxh3+ 19. gxh3 dxe5 20. Qxe5+ Kg8
21. Qg3 Rae8 22. e5 Bb7 23. Ne4 Kh8 24. Nf6 Qd8 25. Qh4 h5 26. Qg5 Kg7 27.
Nxh5+ Kh7 28. Nf6+ Kg7 29. Nxe8+ Qxe8 30. Qf6+ Kg8 31. Re4 Qd8 32. Qxd8 Rxd8
33. c4 Bc8 34. e6 1-0

[Event "Campeonato Brasileiro Amador 2019 U1800"]
[Site "Sao Paulo"]
[Date "2019.06.23"]
[Round "7.29"]
[White "Saito, Helio Tsutomu"]
[Black "Loss, Victor Pinheiro Cost"]
[Result "0-1"]
[WhiteElo "1668"]
[BlackElo "1412"]
[PlyCount "96"]
[EventDate "2019.06.20"]

1. Nf3 d5 2. g3 e6 3. Bg2 Nf6 4. O-O Be7 5. d3 O-O 6. Nbd2 Nbd7 7. e4 dxe4 8.
dxe4 c5 9. e5 Nd5 10. Re1 Qc7 11. c4 Nb4 12. Bf1 b6 13. a3 Nc6 14. Qe2 Bb7 15.
Nb3 Rac8 16. Bf4 Qb8 17. h4 Rfd8 18. Rad1 Nf8 19. h5 Rxd1 20. Rxd1 Rd8 21. Re1
Qa8 22. Ng5 h6 23. Ne4 Nd4 24. Nxd4 Bxe4 25. Qxe4 Qxe4 26. Rxe4 Rxd4 27. Rxd4
cxd4 28. Bd2 Nd7 29. f4 f6 30. Bh3 Kf7 31. f5 exf5 32. exf6 Nxf6 33. Bxf5 Nxh5
34. Kf2 Bd6 35. g4 Nf6 36. Kf3 g6 37. Bd3 Kg7 38. Bf4 Bxf4 39. Kxf4 Nd7 40. b4
Kf6 41. Ke4 Ne5 42. Be2 d3 43. Bxd3 Nxd3 44. Kxd3 Ke5 45. Ke3 h5 46. gxh5 gxh5
47. a4 a5 48. c5 bxc5 0-1

[Event "Campeonato Brasileiro Amador 2019 U1800"]
[Site "Sao Paulo"]
[Date "2019.06.23"]
[Round "7.30"]
[White "Paula, Hugo De Araujo"]
[Black "De Sousa E Silva, Luis Gonzaga"]
[Result "1-0"]
[WhiteElo "1557"]
[BlackElo "1298"]
[PlyCount "99"]
[EventDate "2019.06.20"]

1. d4 g6 2. Nf3 Nf6 3. e3 Bg7 4. c4 d6 5. Be2 O-O 6. O-O Bf5 7. Nc3 Nbd7 8. Nh4
Be4 9. Nxe4 Nxe4 10. Qc2 Ng5 11. Nf3 Nxf3+ 12. Bxf3 c6 13. b3 e5 14. Bb2 Qh4
15. Rad1 Rfd8 16. g3 Qe7 17. Rfe1 Rab8 18. d5 c5 19. Bg2 f5 20. Re2 a6 21. Ree1
b5 22. Bf1 b4 23. Be2 a5 24. Kg2 Ra8 25. Rh1 Ra7 26. h4 Nf6 27. h5 Qf7 28. hxg6
Qxg6 29. Bd3 e4 30. Be2 Rf8 31. Rh4 Raf7 32. Rdh1 Ng4 33. Bxg7 Rxg7 34. Bxg4
fxg4 35. R1h2 Qf5 36. Qe2 Rff7 37. Rh6 Rf6 38. R6h5 Qg6 39. Qc2 Qe8 40. Rh6
Rgf7 41. Rxf6 Rxf6 42. Rh4 Qg6 43. Qe2 h5 44. Qb2 Qf5 45. Rxh5 Qxh5 46. Qxf6
Qh3+ 47. Kg1 Qh8 48. Qxd6 Qa1+ 49. Kg2 Qd1 50. Qg6+ 1-0

[Event "Campeonato Brasileiro Amador 2019 U1800"]
[Site "Sao Paulo"]
[Date "2019.06.23"]
[Round "7.31"]
[White "Jardim, Tamiris Salvador"]
[Black "Haraguchi, Matheus Sashaki"]
[Result "0-1"]
[WhiteElo "1339"]
[BlackElo "1524"]
[PlyCount "54"]
[EventDate "2019.06.20"]

1. e4 c5 2. Nf3 e6 3. d4 cxd4 4. Nxd4 d6 5. Nc3 a6 6. Be3 Nf6 7. f3 Be7 8. Qd2
Nbd7 9. g4 O-O 10. h4 Qc7 11. g5 Ne8 12. f4 b5 13. h5 Bb7 14. g6 Nef6 15. gxf7+
Kxf7 16. Nf3 Nxe4 17. Nxe4 Bxe4 18. Rh3 Qxc2 19. Qxc2 Bxc2 20. Rc1 Bf5 21. Rg3
Rac8 22. Rd1 Nc5 23. Bxc5 Rxc5 24. Rg1 Rc2 25. a3 Rxb2 26. Rc1 Rc2 27. Rxc2
Bxc2 0-1

[Event "Campeonato Brasileiro Amador 2019 U1800"]
[Site "Sao Paulo"]
[Date "2019.06.23"]
[Round "7.32"]
[White "Deste, Jair Francisco"]
[Black "Yokomizo, Wilton"]
[Result "0-1"]
[WhiteElo "1394"]
[BlackElo "1468"]
[PlyCount "54"]
[EventDate "2019.06.20"]

1. c4 e5 2. Nc3 Nf6 3. d3 Bb4 4. Bd2 c6 5. a3 Ba5 6. e4 d5 7. cxd5 cxd5 8. b4
Bb6 9. Nxd5 Nxd5 10. exd5 Qxd5 11. Bc3 O-O 12. Qf3 Qd6 13. Qe4 Nc6 14. Nf3 Re8
15. Rd1 Bd7 16. Ng5 f5 17. Qh4 h6 18. Nf3 Bd4 19. Ba1 Bxa1 20. Rxa1 e4 21. Nd2
Nd4 22. Kd1 Ba4+ 23. Kc1 Rac8+ 24. Nc4 Nb3+ 25. Kb2 Qd4+ 26. Kc2 Nxa1+ 27. Kd2
Rxc4 0-1

[Event "Campeonato Brasileiro Amador 2019 U1800"]
[Site "Sao Paulo"]
[Date "2019.06.23"]
[Round "7.34"]
[White "De Almeida, Jose Fernando Antune"]
[Black "Palomino, Alexandre Cardoso De"]
[Result "0-1"]
[WhiteElo "1357"]
[BlackElo "1740"]
[PlyCount "62"]
[EventDate "2019.06.20"]

1. e4 d6 2. Nf3 Bg4 3. d4 Nf6 4. Nc3 c6 5. Be2 Nbd7 6. O-O Qc7 7. Be3 e5 8. h3
Bh5 9. Nh4 Bxe2 10. Qxe2 g6 11. Rad1 Bg7 12. f4 Nh5 13. Qf3 exd4 14. Bxd4 Bxd4+
15. Rxd4 O-O-O 16. Kh1 Nc5 17. f5 Qe7 18. f6 Qe5 19. Qg4+ Kc7 20. Rfd1 Nxf6 21.
Qf3 Ne6 22. Rc4 Ng5 23. Qe3 b6 24. Nd5+ Kb7 25. Nxf6 Qxf6 26. Rb4 Rhe8 27. Nf3
c5 28. Qxg5 Qxg5 29. Nxg5 cxb4 30. Nxf7 Rxe4 31. Nxd6+ Kc6 0-1